000 00256 a2200109 4500
000 nam a22 7a 4500
005 20260109192344.0
100 _aAruldhas, G.
_9863618
245 _aMolecular Structure and Spectroscopy
260 _bPHI
942 _cTEXL
999 _c1467475
_d1467475